Legislative-executive relationship in the government of the United States (Record no. 362794)

000 -LEADER
fixed length control field 00464cam a22001337a 4500
008 - FIXED-LENGTH DATA ELEMENTS--GENERAL INFORMATION
fixed length control field 180718b1954 xxu||||| |||| 00| 0 eng d
082 ## - DEWEY DECIMAL CLASSIFICATION NUMBER
Classification number I213x73 C743
245 ## - TITLE STATEMENT
Title Legislative-executive relationship in the government of the United States
Statement of responsibility, etc. edited by O.B. Conaway
260 ## - PUBLICATION, DISTRIBUTION, ETC.
Place of publication, distribution, etc. Washington
Name of publisher, distributor, etc. Graduate School, Department of Agriculture
Date of publication, distribution, etc. 1954
300 ## - PHYSICAL DESCRIPTION
Extent 64p.
650 ## - SUBJECT ADDED ENTRY--TOPICAL TERM
Topical term or geographic name entry element Legislative Committees - USA
650 ## - SUBJECT ADDED ENTRY--TOPICAL TERM
Topical term or geographic name entry element Executive Branch - USA
700 ## - ADDED ENTRY--PERSONAL NAME
Personal name Conaway, O.B.
Holdings
Withdrawn status Lost status Damaged status Not for loan Permanent Location Current Location Date acquired Full call number Barcode Date last seen Price effective from Koha item type
        Indian Institute of Public Administration Indian Institute of Public Administration 1994-03-26 I213x73 C743 4617 2018-07-21 2018-07-21 Book

Powered by Koha